<?xml version="1.0" encoding="UTF-8"?>
<record
    xmlns:xsi="http://www.w3.org/2001/XMLSchema-instance"
    xsi:schemaLocation="http://www.loc.gov/MARC21/slim http://www.loc.gov/standards/marcxml/schema/MARC21slim.xsd"
    xmlns="http://www.loc.gov/MARC21/slim">

  <leader>01729cam a2200241Ii 4500</leader>
  <datafield tag="999" ind1=" " ind2=" ">
    <subfield code="c">4593</subfield>
    <subfield code="d">4593</subfield>
  </datafield>
  <controlfield tag="001">1668700</controlfield>
  <controlfield tag="003">OCoLC</controlfield>
  <controlfield tag="005">20181210163146.0</controlfield>
  <controlfield tag="008">751001s1975    tnua          000 0 eng d</controlfield>
  <datafield tag="035" ind1=" " ind2=" ">
    <subfield code="a">(OCoLC)1668700</subfield>
  </datafield>
  <datafield tag="040" ind1=" " ind2=" ">
    <subfield code="a">ICU</subfield>
    <subfield code="c">ICU</subfield>
    <subfield code="d">IXT</subfield>
    <subfield code="d">NDD</subfield>
    <subfield code="d">XBE</subfield>
  </datafield>
  <datafield tag="050" ind1=" " ind2="4">
    <subfield code="a">BT121.2</subfield>
    <subfield code="b">.S85</subfield>
  </datafield>
  <datafield tag="082" ind1="0" ind2="4">
    <subfield code="a">231.3</subfield>
    <subfield code="b">S864H</subfield>
  </datafield>
  <datafield tag="092" ind1=" " ind2=" ">
    <subfield code="a">231.3</subfield>
    <subfield code="b">S8746</subfield>
  </datafield>
  <datafield tag="100" ind1="1" ind2=" ">
    <subfield code="a">Stokes, Mack B.</subfield>
  </datafield>
  <datafield tag="245" ind1="1" ind2="4">
    <subfield code="a">The Holy Spirit and Christian experience /</subfield>
    <subfield code="c">by Mack B. Stokes.</subfield>
  </datafield>
  <datafield tag="260" ind1=" " ind2=" ">
    <subfield code="a">Nashville :</subfield>
    <subfield code="b">Graded Press,</subfield>
    <subfield code="c">1975.</subfield>
  </datafield>
  <datafield tag="300" ind1=" " ind2=" ">
    <subfield code="a">176 p. :</subfield>
    <subfield code="b">ill. ;</subfield>
    <subfield code="c">21 cm.</subfield>
  </datafield>
  <datafield tag="504" ind1=" " ind2=" ">
    <subfield code="a">Bibliography: p. 173-176.</subfield>
  </datafield>
  <datafield tag="505" ind1="0" ind2=" ">
    <subfield code="a">Introduction -- The trinity: the Christian understanding of God -- The biblical teaching -- [Ch.1] Foundations in the Old Testament -- [Ch.2] The Holy Spirit in Matthew, Mark and Luke -- [Ch.3] Major sources in the New Testament -- The Holy Spirit and the church -- [Ch.4] The Holy Spirit and the historic community of faith -- The Holy Spirit and the Wesleyan heritage -- The Holy Spirit and personal salvation -- [Ch.6] The Holy Spirit and the human spirit -- [Ch.7] The Holy Spirit and the new birth -- [Ch.8] The witness of the Spirit -- [Ch.9] The creative power of the Spirit -- The Holy Spirit and the Christian life -- [Ch.10] The Holy Spirit and Christian habits -- [Ch.11] The Holy Spirit and the concern for souls -- [Ch.12] The Holy Spirit and responsible living in community -- [Ch.13] The Holy Spirit and ecumenical spirit -- The Holy Spirit and the charismatic movement -- [Ch.14] The Holy Spirit and speaking in tongues -- [Ch.15] The church's response to speaking in tongues -- [Ch.16] The Holy Spirit and divine healing, exorcism, psychic phenomena, and the occult.</subfield>
  </datafield>
  <datafield tag="650" ind1=" " ind2="0">
    <subfield code="a">Holy Spirit.</subfield>
  </datafield>
  <datafield tag="942" ind1=" " ind2=" ">
    <subfield code="2">ddc</subfield>
    <subfield code="c">BK</subfield>
  </datafield>
  <datafield tag="952" ind1=" " ind2=" ">
    <subfield code="0">0</subfield>
    <subfield code="1">0</subfield>
    <subfield code="2">ddc</subfield>
    <subfield code="4">0</subfield>
    <subfield code="7">1</subfield>
    <subfield code="8">NFIC</subfield>
    <subfield code="a">HMC</subfield>
    <subfield code="b">HMC</subfield>
    <subfield code="c">GEN</subfield>
    <subfield code="d">2018-12-10</subfield>
    <subfield code="g">190.00</subfield>
    <subfield code="l">0</subfield>
    <subfield code="o">231.3 S864H</subfield>
    <subfield code="p">005282</subfield>
    <subfield code="r">2018-12-10 00:00:00</subfield>
    <subfield code="w">2018-12-10</subfield>
    <subfield code="y">BK</subfield>
  </datafield>
</record>
